| 000 | 00697nam a22002297a 4500 | ||
|---|---|---|---|
| 005 | 20170124110114.0 | ||
| 010 | _aA-583140 | ||
| 020 |
_c00.00 _a0195633423 |
||
| 035 | _aA-583140 | ||
| 037 | _bCen Lib/Ret | ||
| 040 |
_aDPL _bEN |
||
| 082 |
_a954.01 _bTHA |
||
| 100 |
_aThapar, Romila _929455 |
||
| 245 |
_aInterpreting early India / _cby Romila Thapar |
||
| 260 |
_bOxford University Press _aNew Delhi _c1993 |
||
| 270 |
_aYMCA Library Building, Jai Singh Road _bNew Delhi _e110001 |
||
| 300 |
_a181p. _c20cm(Hb) |
||
| 500 | _aIncludes index | ||
| 650 |
_aHistoriography _924463 |
||
| 650 |
_aIndia -- Civilization -- To 1200 _9102008 |
||
| 942 |
_2ddc _cEN _h954.01 _mTHA |
||
| 999 |
_c130639 _d130639 |
||